Central Library OPAC University of Rajshahi

Direct and alternating current machinery / (Record no. 67571)

MARC details
000 -LEADER
fixed length control field 00972nam a2200277 a 4500
001 - CONTROL NUMBER
control field 67571
003 - CONTROL NUMBER IDENTIFIER
rucl marc code BD-RjUL
005 - DATE AND TIME OF LATEST TRANSACTION
control field 20211209081654.0
008 - FIXED-LENGTH DATA ELEMENTS--GENERAL INFORMATION
fixed length control field 840622r2001 ii a 001 0 eng
035 ## - SYSTEM CONTROL NUMBER
System control number (BD-RjUL)67702
040 ## - CATALOGING SOURCE
Original cataloging agency DLC
Transcribing agency DLC
Modifying agency DLC
-- BD-RjUL
Language of cataloging eng
041 ## - LANGUAGE CODE
Language code of text/sound track or separate title eng
082 00 - DEWEY DECIMAL CLASSIFICATION NUMBER
Edition number 23
Classification number 621.313
Author mark and year ROD 2001
100 1# - MAIN ENTRY--PERSONAL NAME
Personal name Rosenblatt, Jack.
9 (RLIN) 87726
245 10 - TITLE STATEMENT
Title Direct and alternating current machinery /
Statement of responsibility, etc. Jack Rosenblatt and M. Harold Friedman.
250 ## - EDITION STATEMENT
Edition statement 2nd ed.
260 ## - PUBLICATION, DISTRIBUTION, ETC. (IMPRINT)
Place of publication, distribution, etc. New Delhi :
Name of publisher, distributor, etc. CBS Publishing and Distributes,
Date of publication, distribution, etc. c1984 [reprint 2001]
300 ## - PHYSICAL DESCRIPTION
Pagination xiv, 553 p. :
Illustrations ill. ;
Size 26 cm.
500 ## - GENERAL NOTE
General note Includes index.
650 #0 - SUBJECT ADDED ENTRY--TOPICAL TERM
Topical term or geographic name as entry element Electric machinery.
9 (RLIN) 200218
700 1# - ADDED ENTRY--PERSONAL NAME
Personal name Friedman, M. Harold.
830 ## - SERIES ADDED ENTRY--UNIFORM TITLE
Uniform title Merrill's international series in electrical and electronics technology
942 ## - ADDED ENTRY ELEMENTS (KOHA)
Source of classification or shelving scheme Dewey Decimal Classification
Koha item type Books
Holdings
Lost status Source of classification or shelving scheme Damaged status Not for loan Collection code Permanent Location Current Location Shelving location Date acquired Source of acquisition Cost, normal purchase price Total Checkouts Full call number Date last seen Copy number Koha item type
  Dewey Decimal Classification   Not For Loan Non-fiction Central Library, University of Rajshahi Central Library, University of Rajshahi Reading Room 12/10/2007 Swits and zaitliner 84.00   621.313 ROD 2001 27/03/2017 C-1 Books